Skąd pochodzą... - piosenkarki polskie - Statystyki

Ogólne statystyki
  • Ten quiz został rozwiązany 106 razy
  • Średni wynik to 11 z 20
Statystyki odpowiedzi
Piosenkarka: Miasto: % Poprawnych
Patrycja Markowska Warszawa
99%
Agnieszka Chylińska Gdańsk
95%
Sylwia Grzeszczak Poznań
88%
Ewelina Lisowska Wrocław
87%
Cleo Szczecin
78%
Beata Kozidrak Lublin
77%
Justyna Steczkowska Rzeszów
66%
Izabela Trojanowska Olsztyn
64%
Kasia Popowska Łódź
62%
Roksana Węgiel Jasło
57%
Katarzyna Groniec Zabrze
41%
Dorota "Doda" Rabczewska Ciechanów
39%
Krystyna Prońko Gorzów Wielkopolski
38%
Gosia Andrzejewicz Bytom
35%
Daria Zawiałow Koszalin
34%
Marta "Sarsa" Markiewicz Słupsk
22%
Małgorzata "Margaret" Jamroży Stargard
22%
Monika Brodka Żywiec
18%
Ania Dąbrowska Chełm
17%
Anita Lipnicka Piotrków Trybunalski
14%
Nie znaleziono quizów pasujących do podanych kryteriów
Rozkład punktacji
Procent ludzi z każdym wynikiem
Percentyl według liczby udzielonych odpowiedzi
Twoja historia wyników
Nie rozwiązałeś tego quizu